Normal view
MARC view
- Law, Art of Advocacy and Cross Examination
Entry Topical Term
001 - CONTROL NUMBER
- control field: 128316
003 - CONTROL NUMBER IDENTIFIER
- control field: NUST
005 - DATE AND TIME OF LATEST TRANSACTION
- control field: 20250314115054.0
008 - FIXED-LENGTH DATA ELEMENTS
- fixed length control field: 250314|| aca||aabn | a|a d
040 ## - CATALOGING SOURCE
- Original cataloging agency: NUST
- Transcribing agency: NUST
150 ## - HEADING--TOPICAL TERM
- Topical term or geographic name entry element: Law, Art of Advocacy and Cross Examination
670 ## - SOURCE DATA FOUND
- Source citation: Work cat.: (NUST): Bali, Mehran Ali 128315, Art of Advocacy & Cross Examination:, 2024.
